[Event "71st RUS-ch Higher League 2018"]
[Site "Yaroslavl"]
[Date "2018.06.29"]
[Round "4"]
[White "Bimiev, Ahmad"]
[Black "Predke, Alexandr"]
[Result "0-1"]
[WhiteElo "2125"]
[BlackElo "2613"]
[Annotator "ChessBase"]
[PlyCount "102"]
[EventDate "2018.06.26"]
[EventType "swiss"]
[EventCountry "RUS"]
[SourceTitle "playchess.com"]
[Source "ChessBase"]
[SourceQuality "1"]
[TimeControl "40/5400+30:1800+30"]

1. c4 {[%emt 0:00:00]} e5 {[%emt 0:01:25]} 2. d3 {[%emt 0:00:00]} Nf6 {[%emt 0:00:42]} 3. Nf3 {[%emt 0:00:00]} Nc6 {[%emt 0:00:10]} 4. a3 {[%emt 0:00:40]} g6 {[%emt 0:02:50]} 5. g3 {[%emt 0:01:30]} Bg7 {[%emt 0:00:05]} 6. Bg2 {[%emt 0:00:06]} O-O {[%emt 0:00:09]} 7. Nc3 {[%emt 0:00:08]} d6 {[%emt 0:01:06]} 8. O-O {[%emt 0:00:20]} h6 {[%emt 0:17:00]} 9. Ne1 {[%emt 0:04:07]} Be6 {[%emt 0:03:37]} 10. Nd5 {[%emt 0:00:20]} Nh7 {[%emt 0:04:06]} 11. Nc2 {[%emt 0:05:09]} Qd7 {[%emt 0:01:14]} 12. b4 {[%emt 0:09:45]} Nd8 {[%emt 0:04:15]} 13. Bb2 {[%emt 0:17:37]} c6 {[%emt 0:01:53]} 14. Nde3 {[%emt 0:00:09]} Bh3 {[%emt 0:06:00]} 15. d4 {[%emt 0:02:04]} Bxg2 {[%emt 0:07:04]} 16. Nxg2 {[%emt 0:01:21]} e4 {[%emt 0:00:12]} 17. Nce3 {[%emt 0:00:24]} Ne6 {[%emt 0:01:39]} 18. Qd2 {[%emt 0:20:40]} d5 {[%emt 0:00:50]} 19. cxd5 {[%emt 0:04:07]} cxd5 {[%emt 0:00:05]} 20. f3 {[%emt 0:01:33]} exf3 {[%emt 0:05:05]} 21. exf3 {[%emt 0:00:10]} Nf6 {[%emt 0:00:39]} 22. Ne1 {[%emt 0:00:34]} h5 {[%emt 0:08:11]} 23. Nd3 {[%emt 0:01:58]} Qd6 {[%emt 0:00:21]} 24. Ne5 {[%emt 0:00:38]} Kh7 {[%emt 0:02:08]} 25. Rae1 {[%emt 0:00:39]} Rac8 {[%emt 0:04:44]} 26. Qd3 {[%emt 0:00:25]} Nd7 {[%emt 0:03:10]} 27. Ng2 {[%emt 0:04:00]} Nxe5 {[%emt 0:10:36]} 28. dxe5 {[%emt 0:00:13]} Qc6 {[%emt 0:00:05]} 29. Rf2 {[%emt 0:03:29]} Qc4 {[%emt 0:04:35]} 30. Qd1 {[%emt 0:00:55]} Ng5 {[%emt 0:01:21]} 31. Nf4 {[%emt 0:00:47]} h4 {[%emt 0:00:02]} 32. Bd4 {[%emt 0:01:11]} Bh6 {[%emt 0:03:07]} 33. Bxa7 {[%emt 0:03:11]} Ra8 {[%emt 0:01:12]} 34. Bc5 {[%emt 0:00:44]} Rfe8 {[%emt 0:00:03]} 35. gxh4 {[%emt 0:04:20]} Qxf4 {[%emt 0:00:30]} 36. hxg5 {[%emt 0:00:12]} Qxg5+ {[%emt 0:02:09]} 37. Rg2 {[%emt 0:00:10]} Qf5 {[%emt 0:00:01]} 38. Qxd5 {[%emt 0:01:23]} Rxa3 {[%emt 0:00:19]} 39. Kf2 {[%emt 0:02:41]} Bf4 {[%emt 0:04:15]} 40. Bd6 {[%emt 0:00:00]} Rc8 {[%emt 0:02:58]} 41. Kg1 {[%emt 0:18:44]} Rc1 {[%emt 0:06:06]} 42. Rxc1 {[%emt 0:02:12]} Bxc1 {[%emt 0:01:29]} 43. Qe4 {[%emt 0:01:33]} Be3+ {[%emt 0:10:42]} 44. Kf1 {[%emt 0:00:06]} Qc8 {[%emt 0:03:37]} 45. Qh4+ {[%emt 0:03:39]} Kg8 {[%emt 0:02:24]} 46. Re2 {[%emt 0:00:16]} Ra1+ {[%emt 0:02:23]} 47. Re1 {[%emt 0:00:08]} g5 {[%emt 0:00:03]} 48. Qg3 {[%emt 0:01:53]} Qc4+ {[%emt 0:00:06]} 49. Kg2 {[%emt 0:00:14]} Ra2+ {[%emt 0:01:02]} 50. Kh1 {[%emt 0:00:32]} Bf4 {[%emt 0:00:11]} 51. Qg1 {[%emt 0:01:33]} Qd3 {[%emt 0:02:27]} 0-1

[Event "71st RUS-ch Higher League 2018"]
[Site "Yaroslavl"]
[Date "2018.06.30"]
[Round "5"]
[White "Sjugirov, Sanan"]
[Black "Potkin, Vladimir"]
[Result "1/2-1/2"]
[WhiteElo "2663"]
[BlackElo "2592"]
[Annotator "ChessBase"]
[PlyCount "196"]
[EventDate "2018.06.26"]
[EventType "swiss"]
[EventCountry "RUS"]
[SourceTitle "playchess.com"]
[Source "ChessBase"]
[SourceQuality "1"]
[TimeControl "40/5400+30:1800+30"]

1. e4 {[%emt 0:00:00]} e5 {[%emt 0:00:00]} 2. Nf3 {[%emt 0:00:00]} Nc6 {[%emt 0:00:00]} 3. Bb5 {[%emt 0:00:15]} Nf6 {[%emt 0:00:05]} 4. d3 {[%emt 0:00:24]} Bc5 {[%emt 0:00:29]} 5. Bxc6 {[%emt 0:00:31]} dxc6 {[%emt 0:00:10]} 6. Nbd2 {[%emt 0:00:10]} O-O {[%emt 0:01:04]} 7. h3 {[%emt 0:01:12]} Re8 {[%emt 0:02:20]} 8. Nf1 {[%emt 0:05:07]} Nd7 {[%emt 0:04:19]} 9. g4 {[%emt 0:00:18]} Nf8 {[%emt 0:04:54]} 10. Ng3 {[%emt 0:00:25]} Ne6 {[%emt 0:06:42]} 11. Nf5 {[%emt 0:02:22]} Bd6 {[%emt 0:17:00]} 12. Be3 {[%emt 0:06:03]} a5 {[%emt 0:01:25]} 13. h4 {[%emt 0:05:12]} a4 {[%emt 0:03:17]} 14. a3 {[%emt 0:00:26]} c5 {[%emt 0:02:26]} 15. h5 {[%emt 0:07:59]} b5 {[%emt 0:03:15]} 16. Qd2 {[%emt 0:04:38]} Ra6 {[%emt 0:11:27]} 17. Rg1 {[%emt 0:05:51]} Nd4 {[%emt 0:17:03]} 18. N3xd4 {[%emt 0:06:17]} cxd4 {[%emt 0:00:06]} 19. Bg5 {[%emt 0:00:09]} f6 {[%emt 0:01:46]} 20. Bh4 {[%emt 0:00:32]} h6 {[%emt 0:05:26]} 21. Bg3 {[%emt 0:13:41]} Bf8 {[%emt 0:00:52]} 22. f4 {[%emt 0:01:59]} exf4 {[%emt 0:00:47]} 23. Bxf4 {[%emt 0:00:30]} c5 {[%emt 0:00:26]} 24. Kf2 {[%emt 0:02:54]} c4 {[%emt 0:04:10]} 25. Kf3 {[%emt 0:04:57]} Kh7 {[%emt 0:04:16]} 26. Qf2 {[%emt 0:01:45]} b4 {[%emt 0:01:20]} 27. axb4 {[%emt 0:01:24]} Bxb4 {[%emt 0:00:05]} 28. Nxd4 {[%emt 0:12:22]} Bc5 {[%emt 0:01:23]} 29. Be3 {[%emt 0:00:14]} a3 {[%emt 0:01:13]} 30. Nf5 {[%emt 0:08:08]} Bxe3 {[%emt 0:00:45]} 31. Qxe3 {[%emt 0:00:06]} cxd3 {[%emt 0:00:23]} 32. cxd3 {[%emt 0:02:23]} axb2 {[%emt 0:01:31]} 33. Rab1 {[%emt 0:01:05]} Ra3 {[%emt 0:02:19]} 34. Rgd1 {[%emt 0:00:10]} Bxf5 {[%emt 0:01:53]} 35. gxf5 {[%emt 0:00:05]} Rb3 {[%emt 0:00:28]} 36. Rd2 {[%emt 0:01:13]} Qb8 {[%emt 0:00:08]} 37. Qe2 {[%emt 0:03:20]} Rd8 {[%emt 0:01:02]} 38. Kg4 {[%emt 0:00:51]} Qe5 {[%emt 0:01:38]} 39. Qh2 {[%emt 0:02:09]} Qc3 {[%emt 0:00:31]} 40. Rbxb2 {[%emt 0:00:00]} Rxb2 {[%emt 0:00:00]} 41. Rxb2 {[%emt 0:00:46]} Rxd3 {[%emt 0:01:57]} 42. Rc2 {[%emt 0:10:50]} Qe1 {[%emt 0:04:59]} 43. Qg2 {[%emt 0:02:09]} Qe3 {[%emt 0:13:28]} 44. Kh4 {[%emt 0:00:20]} Qe1+ {[%emt 0:01:22]} 45. Kg4 {[%emt 0:00:08]} Rg3+ {[%emt 0:08:45]} 46. Qxg3 {[%emt 0:00:06]} Qxe4+ {[%emt 0:00:03]} 47. Qf4 {[%emt 0:00:13]} Qxc2 {[%emt 0:00:05]} 48. Qf3 {[%emt 0:00:42]} Qh2 {[%emt 0:00:19]} 49. Qg3 {[%emt 0:01:02]} Qd2 {[%emt 0:00:43]} 50. Qf3 {[%emt 0:00:14]} Qd4+ {[%emt 0:00:58]} 51. Kh3 {[%emt 0:00:46]} Qc4 {[%emt 0:00:18]} 52. Kg3 {[%emt 0:00:42]} Qd4 {[%emt 0:00:40]} 53. Kh3 {[%emt 0:00:06]} Qd7 {[%emt 0:00:45]} 54. Kg4 {[%emt 0:00:31]} Qc7 {[%emt 0:01:08]} 55. Qb3 {[%emt 0:01:17]} Qc6 {[%emt 0:00:38]} 56. Qf3 {[%emt 0:00:19]} Qa4+ {[%emt 0:00:28]} 57. Kh3 {[%emt 0:00:14]} Qa1 {[%emt 0:00:58]} 58. Kg3 {[%emt 0:00:38]} Qe1+ {[%emt 0:00:09]} 59. Kh3 {[%emt 0:00:34]} Qe8 {[%emt 0:00:28]} 60. Kg3 {[%emt 0:00:30]} Qb5 {[%emt 0:00:24]} 61. Kg4 {[%emt 0:00:50]} Qe5 {[%emt 0:00:40]} 62. Qd3 {[%emt 0:01:17]} Qh2 {[%emt 0:00:37]} 63. Qg3 {[%emt 0:00:14]} Qb2 {[%emt 0:00:44]} 64. Qf3 {[%emt 0:00:14]} Qd4+ {[%emt 0:00:09]} 65. Kh3 {[%emt 0:00:09]} Qc4 {[%emt 0:00:48]} 66. Kg3 {[%emt 0:02:44]} Qc5 {[%emt 0:00:21]} 67. Qe4 {[%emt 0:05:29]} Qg1+ {[%emt 0:00:47]} 68. Kh3 {[%emt 0:00:36]} Qg5 {[%emt 0:00:33]} 69. Qf3 {[%emt 0:00:11]} Qd2 {[%emt 0:00:30]} 70. Qe4 {[%emt 0:01:06]} Qc1 {[%emt 0:00:34]} 71. Qf3 {[%emt 0:00:35]} Qg5 {[%emt 0:00:23]} 72. Kh2 {[%emt 0:00:21]} Qh4+ {[%emt 0:00:41]} 73. Kg2 {[%emt 0:00:06]} Qd4 {[%emt 0:00:20]} 74. Kh3 {[%emt 0:00:28]} Qc4 {[%emt 0:00:58]} 75. Kg3 {[%emt 0:00:29]} Qc7+ {[%emt 0:01:03]} 76. Qf4 {[%emt 0:00:54]} Qc5 {[%emt 0:00:15]} 77. Qe4 {[%emt 0:00:13]} Qc1 {[%emt 0:00:40]} 78. Qf3 {[%emt 0:00:21]} Qe1+ {[%emt 0:00:11]} 79. Kh3 {[%emt 0:00:24]} Qe5 {[%emt 0:00:07]} 80. Kg4 {[%emt 0:00:37]} Qh2 {[%emt 0:00:32]} 81. Qg3 {[%emt 0:00:16]} Qh1 {[%emt 0:00:30]} 82. Qf3 {[%emt 0:00:24]} Qa1 {[%emt 0:00:57]} 83. Qe4 {[%emt 0:01:22]} Qg1+ {[%emt 0:00:16]} 84. Kh3 {[%emt 0:00:07]} Qd1 {[%emt 0:00:11]} 85. Kh4 {[%emt 0:00:09]} Qd2 {[%emt 0:00:15]} 86. Kh3 {[%emt 0:00:26]} Qc3+ {[%emt 0:01:26]} 87. Kg4 {[%emt 0:00:15]} Qc5 {[%emt 0:00:14]} 88. Kh3 {[%emt 0:01:10]} Qe5 {[%emt 0:00:16]} 89. Qf3 {[%emt 0:00:06]} Kg8 {[%emt 0:00:18]} 90. Qa8+ {[%emt 0:00:23]} Kf7 {[%emt 0:00:06]} 91. Qb7+ {[%emt 0:00:12]} Kf8 {[%emt 0:00:29]} 92. Qa8+ {[%emt 0:00:06]} Ke7 {[%emt 0:00:22]} 93. Qb7+ {[%emt 0:00:07]} Kd6 {[%emt 0:00:36]} 94. Qb6+ {[%emt 0:00:56]} Kd5 {[%emt 0:00:14]} 95. Qb5+ {[%emt 0:00:16]} Kd4 {[%emt 0:00:40]} 96. Qb4+ {[%emt 0:00:30]} Kd3 {[%emt 0:00:29]} 97. Qb1+ {[%emt 0:00:29]} Kd2 {[%emt 0:01:07]} 98. Qa2+ {[%emt 0:00:23]} Ke3 {[%emt 0:00:36]} 1/2-1/2

[Event "71st RUS-ch Higher League 2018"]
[Site "Yaroslavl"]
[Date "2018.06.30"]
[Round "5"]
[White "Dreev, Aleksey"]
[Black "Sakaev, Konstantin"]
[Result "1/2-1/2"]
[WhiteElo "2657"]
[BlackElo "2580"]
[Annotator "ChessBase"]
[PlyCount "80"]
[EventDate "2018.06.26"]
[EventType "swiss"]
[EventCountry "RUS"]
[SourceTitle "playchess.com"]
[Source "ChessBase"]
[SourceQuality "1"]
[TimeControl "40/5400+30:1800+30"]

1. d4 {[%emt 0:02:13]} Nf6 {[%emt 0:00:00]} 2. Nf3 {[%emt 0:00:22]} e6 {[%emt 0:00:00]} 3. c4 {[%emt 0:00:07]} b6 {[%emt 0:00:00]} 4. a3 {[%emt 0:00:41]} Bb7 {[%emt 0:00:12]} 5. Nc3 {[%emt 0:00:23]} d5 {[%emt 0:00:07]} 6. Bg5 {[%emt 0:00:40]} Be7 {[%emt 0:00:34]} 7. Qa4+ {[%emt 0:00:31]} Bc6 {[%emt 0:00:57]} 8. Qc2 {[%emt 0:03:54]} dxc4 {[%emt 0:00:26]} 9. e3 {[%emt 0:01:10]} b5 {[%emt 0:00:44]} 10. a4 {[%emt 0:00:47]} b4 {[%emt 0:01:00]} 11. Bxf6 {[%emt 0:00:56]} gxf6 {[%emt 0:01:13]} 12. Nb1 {[%emt 0:00:46]} b3 {[%emt 0:15:46]} 13. Qxc4 {[%emt 0:13:31]} Bd5 {[%emt 0:00:30]} 14. Qc1 {[%emt 0:01:50]} c5 {[%emt 0:11:17]} 15. Bb5+ {[%emt 0:12:56]} Nd7 {[%emt 0:11:44]} 16. Qd1 {[%emt 0:05:40]} cxd4 {[%emt 0:07:43]} 17. Qxd4 {[%emt 0:08:32]} a6 {[%emt 0:01:15]} 18. Be2 {[%emt 0:07:19]} Nc5 {[%emt 0:06:02]} 19. Nc3 {[%emt 0:06:56]} Bb7 {[%emt 0:01:20]} 20. O-O {[%emt 0:01:14]} O-O {[%emt 0:03:28]} 21. Rfd1 {[%emt 0:03:21]} Qxd4 {[%emt 0:03:43]} 22. Nxd4 {[%emt 0:00:33]} Rab8 {[%emt 0:01:44]} 23. a5 {[%emt 0:05:54]} Rfc8 {[%emt 0:14:20]} 24. Na4 {[%emt 0:13:59]} Nxa4 {[%emt 0:01:03]} 25. Rxa4 {[%emt 0:00:01]} f5 {[%emt 0:00:06]} 26. Rc4 {[%emt 0:00:18]} Bf6 {[%emt 0:05:05]} 27. Nxb3 {[%emt 0:01:49]} Bxb2 {[%emt 0:00:53]} 28. Rxc8+ {[%emt 0:02:38]} Rxc8 {[%emt 0:00:15]} 29. Bf3 {[%emt 0:00:30]} Bxf3 {[%emt 0:00:37]} 30. gxf3 {[%emt 0:00:01]} Rb8 {[%emt 0:03:46]} 31. Nc5 {[%emt 0:01:08]} Rb5 {[%emt 0:00:05]} 32. Nxa6 {[%emt 0:00:13]} Rxa5 {[%emt 0:00:05]} 33. Nb4 {[%emt 0:00:14]} Ra1 {[%emt 0:00:16]} 34. Rxa1 {[%emt 0:00:11]} Bxa1 {[%emt 0:00:05]} 35. Nd3 {[%emt 0:00:18]} Bc3 {[%emt 0:00:07]} 36. Kg2 {[%emt 0:00:08]} Kg7 {[%emt 0:00:05]} 37. f4 {[%emt 0:00:14]} Bf6 {[%emt 0:00:06]} 38. Kg3 {[%emt 0:00:12]} Be7 {[%emt 0:00:06]} 39. Ne5 {[%emt 0:00:17]} Bf6 {[%emt 0:00:06]} 40. Nd3 {[%emt 0:00:00]} Be7 {[%emt 0:00:00]} 1/2-1/2

[Event "71st RUS-ch Higher League 2018"]
[Site "Yaroslavl"]
[Date "2018.06.30"]
[Round "5"]
[White "Paravyan, David"]
[Black "Zvjaginsev, Vadim"]
[Result "1/2-1/2"]
[WhiteElo "2634"]
[BlackElo "2633"]
[Annotator "ChessBase"]
[PlyCount "74"]
[EventDate "2018.06.26"]
[EventType "swiss"]
[EventCountry "RUS"]
[SourceTitle "playchess.com"]
[Source "ChessBase"]
[SourceQuality "1"]
[TimeControl "40/5400+30:1800+30"]

1. e4 {[%emt 0:02:05]} c5 {[%emt 0:00:00]} 2. Nf3 {[%emt 0:00:04]} Nc6 {[%emt 0:00:00]} 3. Nc3 {[%emt 0:00:03]} g6 {[%emt 0:00:37]} 4. d4 {[%emt 0:00:05]} cxd4 {[%emt 0:00:05]} 5. Nxd4 {[%emt 0:00:03]} Bg7 {[%emt 0:00:05]} 6. Be3 {[%emt 0:00:03]} Nf6 {[%emt 0:00:11]} 7. Bc4 {[%emt 0:00:05]} d6 {[%emt 0:00:32]} 8. f3 {[%emt 0:00:10]} Na5 {[%emt 0:00:39]} 9. Be2 {[%emt 0:10:55]} Bd7 {[%emt 0:05:58]} 10. Qd2 {[%emt 0:01:14]} Rc8 {[%emt 0:01:18]} 11. Bh6 {[%emt 0:04:10]} Bxh6 {[%emt 0:03:19]} 12. Qxh6 {[%emt 0:00:04]} e5 {[%emt 0:05:31]} 13. Nb3 {[%emt 0:10:14]} Be6 {[%emt 0:16:22]} 14. O-O-O {[%emt 0:01:39]} a6 {[%emt 0:07:03]} 15. Rd2 {[%emt 0:20:38]} b5 {[%emt 0:09:17]} 16. Rhd1 {[%emt 0:03:08]} Nb7 {[%emt 0:01:01]} 17. Kb1 {[%emt 0:05:53]} Qb6 {[%emt 0:07:53]} 18. f4 {[%emt 0:18:19]} Rxc3 {[%emt 0:02:13]} 19. Qg7 {[%emt 0:07:04]} Ke7 {[%emt 0:01:00]} 20. fxe5 {[%emt 0:03:29]} dxe5 {[%emt 0:01:48]} 21. bxc3 {[%emt 0:03:19]} Rg8 {[%emt 0:04:41]} 22. Qh6 {[%emt 0:00:05]} g5 {[%emt 0:01:46]} 23. Bh5 {[%emt 0:00:04]} Qe3 {[%emt 0:04:46]} 24. Rf1 {[%emt 0:04:19]} Nxh5 {[%emt 0:04:30]} 25. Qxh5 {[%emt 0:00:02]} Nd6 {[%emt 0:03:58]} 26. Rd3 {[%emt 0:01:15]} Qxe4 {[%emt 0:01:01]} 27. Nc5 {[%emt 0:00:20]} Qxg2 {[%emt 0:02:46]} 28. Qd1 {[%emt 0:02:22]} Rg6 {[%emt 0:01:50]} 29. Re1 {[%emt 0:01:07]} Nc4 {[%emt 0:01:39]} 30. Nxe6 {[%emt 0:01:27]} Rxe6 {[%emt 0:01:12]} 31. Rd7+ {[%emt 0:00:02]} Kf8 {[%emt 0:00:30]} 32. Rf1 {[%emt 0:00:19]} Re7 {[%emt 0:01:37]} 33. Rd8+ {[%emt 0:00:10]} Re8 {[%emt 0:01:06]} 34. Rd7 {[%emt 0:00:29]} Re7 {[%emt 0:00:07]} 35. Rd8+ {[%emt 0:00:06]} Re8 {[%emt 0:00:01]} 36. Rd7 {[%emt 0:01:10]} Re7 {[%emt 0:00:04]} 37. Rd8+ {[%emt 0:00:03]} Re8 1/2-1/2

[Event "71st RUS-ch Higher League 2018"]
[Site "Yaroslavl"]
[Date "2018.06.30"]
[Round "5"]
[White "Lysyj, Igor"]
[Black "Usmanov, Vasily"]
[Result "1-0"]
[WhiteElo "2630"]
[BlackElo "2477"]
[Annotator "ChessBase"]
[PlyCount "113"]
[EventDate "2018.06.26"]
[EventType "swiss"]
[EventCountry "RUS"]
[SourceTitle "playchess.com"]
[Source "ChessBase"]
[SourceQuality "1"]
[TimeControl "40/5400+30:1800+30"]

1. d4 {[%emt 0:00:00]} Nf6 {[%emt 0:00:00]} 2. c4 {[%emt 0:00:00]} e6 {[%emt 0:00:00]} 3. g3 {[%emt 0:00:00]} Bb4+ {[%emt 0:00:40]} 4. Bd2 {[%emt 0:00:02]} Qe7 {[%emt 0:00:18]} 5. Bg2 {[%emt 0:00:17]} Bxd2+ {[%emt 0:01:27]} 6. Qxd2 {[%emt 0:00:25]} d5 {[%emt 0:08:25]} 7. Nf3 {[%emt 0:00:45]} O-O {[%emt 0:04:16]} 8. O-O {[%emt 0:00:38]} Rd8 {[%emt 0:00:18]} 9. Qc2 {[%emt 0:23:57]} c5 {[%emt 0:21:25]} 10. cxd5 {[%emt 0:15:21]} cxd4 {[%emt 0:00:04]} 11. Nxd4 {[%emt 0:01:06]} Nxd5 {[%emt 0:00:07]} 12. Rc1 {[%emt 0:14:25]} Nb4 {[%emt 0:02:44]} 13. Qc3 {[%emt 0:06:54]} N8c6 {[%emt 0:04:55]} 14. Nxc6 {[%emt 0:00:14]} Nxc6 {[%emt 0:00:06]} 15. Bxc6 {[%emt 0:00:17]} bxc6 {[%emt 0:00:05]} 16. Nd2 {[%emt 0:09:44]} Ba6 {[%emt 0:00:07]} 17. Qe3 {[%emt 0:00:14]} Qb4 {[%emt 0:05:44]} 18. Rc2 {[%emt 0:00:56]} Qb6 {[%emt 0:05:53]} 19. Nb3 {[%emt 0:01:00]} Qxe3 {[%emt 0:00:45]} 20. fxe3 {[%emt 0:00:42]} Rd5 {[%emt 0:00:12]} 21. Rac1 {[%emt 0:05:06]} Rb8 {[%emt 0:08:08]} 22. Nc5 {[%emt 0:04:20]} Bc8 {[%emt 0:03:04]} 23. b3 {[%emt 0:03:26]} Kf8 {[%emt 0:00:55]} 24. Nd3 {[%emt 0:00:56]} Bd7 {[%emt 0:00:10]} 25. Rc4 {[%emt 0:00:18]} Ke7 {[%emt 0:01:49]} 26. Ra4 {[%emt 0:01:00]} a5 {[%emt 0:00:45]} 27. e4 {[%emt 0:00:28]} Rdb5 {[%emt 0:00:18]} 28. e5 {[%emt 0:00:53]} h5 {[%emt 0:01:49]} 29. Rh4 {[%emt 0:01:17]} Rh8 {[%emt 0:01:29]} 30. Rc5 {[%emt 0:01:47]} f6 {[%emt 0:01:06]} 31. exf6+ {[%emt 0:01:15]} gxf6 {[%emt 0:00:07]} 32. Ra4 {[%emt 0:00:04]} Ra8 {[%emt 0:02:50]} 33. b4 {[%emt 0:00:09]} Kd6 {[%emt 0:00:03]} 34. Rxb5 {[%emt 0:00:35]} cxb5 {[%emt 0:00:04]} 35. Rxa5 {[%emt 0:00:08]} Rh8 {[%emt 0:02:04]} 36. Ra6+ {[%emt 0:01:45]} Bc6 {[%emt 0:00:09]} 37. a4 {[%emt 0:00:40]} Rb8 {[%emt 0:01:38]} 38. a5 {[%emt 0:00:39]} e5 {[%emt 0:00:49]} 39. Ra7 {[%emt 0:03:10]} h4 {[%emt 0:02:20]} 40. Rf7 {[%emt 0:00:00]} Ke6 {[%emt 0:00:00]} 41. Rh7 {[%emt 0:05:09]} hxg3 {[%emt 0:01:43]} 42. hxg3 {[%emt 0:00:36]} Rg8 {[%emt 0:01:39]} 43. Kf2 {[%emt 0:00:08]} Kd5 {[%emt 0:01:21]} 44. a6 {[%emt 0:05:57]} Kd4 {[%emt 0:05:43]} 45. Rc7 {[%emt 0:04:25]} Ba8 {[%emt 0:00:53]} 46. Ne1 {[%emt 0:05:32]} Rh8 {[%emt 0:03:12]} 47. Nc2+ {[%emt 0:00:05]} Ke4 {[%emt 0:00:33]} 48. Rc5 {[%emt 0:00:37]} Bd5 {[%emt 0:04:22]} 49. Ne3 {[%emt 0:01:03]} Ba8 {[%emt 0:00:40]} 50. Nd1 {[%emt 0:02:12]} Kd4 {[%emt 0:01:40]} 51. Nc3 {[%emt 0:01:29]} Rh2+ {[%emt 0:00:04]} 52. Ke1 {[%emt 0:00:07]} Ke3 {[%emt 0:00:42]} 53. Nd1+ {[%emt 0:00:11]} Kd4 {[%emt 0:00:04]} 54. Rc8 {[%emt 0:01:01]} Be4 {[%emt 0:00:56]} 55. a7 {[%emt 0:00:39]} Rg2 {[%emt 0:00:06]} 56. e3+ {[%emt 0:00:31]} Kd3 {[%emt 0:00:06]} 57. Rc3# {[%emt 0:00:05]} 1-0

[Event "71st RUS-ch Higher League 2018"]
[Site "Yaroslavl"]
[Date "2018.06.30"]
[Round "5"]
[White "Khismatullin, Denis"]
[Black "Pridorozhni, Aleksei"]
[Result "1/2-1/2"]
[WhiteElo "2627"]
[BlackElo "2589"]
[Annotator "ChessBase"]
[PlyCount "117"]
[EventDate "2018.06.26"]
[EventType "swiss"]
[EventCountry "RUS"]
[SourceTitle "playchess.com"]
[Source "ChessBase"]
[SourceQuality "1"]
[TimeControl "40/5400+30:1800+30"]

1. Nf3 {[%emt 0:00:49]} e6 {[%emt 0:00:00]} 2. g3 {[%emt 0:00:05]} b5 {[%emt 0:00:23]} 3. e4 {[%emt 0:03:05]} Bb7 {[%emt 0:00:17]} 4. Qe2 {[%emt 0:00:05]} c5 {[%emt 0:01:16]} 5. Bg2 {[%emt 0:01:33]} a6 {[%emt 0:03:09]} 6. O-O {[%emt 0:01:13]} Nc6 {[%emt 0:04:16]} 7. Rd1 {[%emt 0:07:12]} Nd4 {[%emt 0:08:37]} 8. Nxd4 {[%emt 0:03:49]} cxd4 {[%emt 0:00:18]} 9. c3 {[%emt 0:01:21]} Bc5 {[%emt 0:00:48]} 10. b4 {[%emt 0:07:38]} Bb6 {[%emt 0:00:43]} 11. a4 {[%emt 0:02:20]} bxa4 {[%emt 0:00:55]} 12. Rxa4 {[%emt 0:09:18]} Ne7 {[%emt 0:06:17]} 13. c4 {[%emt 0:02:03]} d6 {[%emt 0:10:11]} 14. d3 {[%emt 0:02:17]} O-O {[%emt 0:01:05]} 15. Nd2 {[%emt 0:06:55]} Qd7 {[%emt 0:12:52]} 16. Ra1 {[%emt 0:01:28]} Nc6 {[%emt 0:01:35]} 17. Ba3 {[%emt 0:01:19]} e5 {[%emt 0:00:25]} 18. c5 {[%emt 0:10:08]} dxc5 {[%emt 0:08:26]} 19. bxc5 {[%emt 0:02:14]} Bc7 {[%emt 0:00:21]} 20. Nc4 {[%emt 0:00:36]} Rfb8 {[%emt 0:02:13]} 21. Nb6 {[%emt 0:05:11]} Bxb6 {[%emt 0:00:15]} 22. cxb6 {[%emt 0:00:05]} a5 {[%emt 0:02:11]} 23. Qc2 {[%emt 0:14:43]} Qe6 {[%emt 0:18:51]} 24. Qc5 {[%emt 0:04:14]} h6 {[%emt 0:00:56]} 25. Rab1 {[%emt 0:02:14]} Rd8 {[%emt 0:00:33]} 26. Rdc1 {[%emt 0:01:13]} a4 {[%emt 0:03:53]} 27. Qd5 {[%emt 0:04:33]} Qf6 {[%emt 0:03:42]} 28. Qb5 {[%emt 0:01:09]} Qe6 {[%emt 0:00:20]} 29. Qc4 {[%emt 0:01:47]} Qd7 {[%emt 0:00:31]} 30. h4 g5 31. hxg5 {[%emt 0:02:00]} hxg5 {[%emt 0:00:58]} 32. Rb2 {[%emt 0:01:02]} Kg7 {[%emt 0:01:23]} 33. Qc2 {[%emt 0:01:25]} Qe6 {[%emt 0:03:37]} 34. Rb5 {[%emt 0:00:49]} f6 {[%emt 0:00:24]} 35. Rc5 {[%emt 0:00:41]} Rdc8 {[%emt 0:01:33]} 36. Qd1 {[%emt 0:00:43]} Ra6 {[%emt 0:01:15]} 37. Rb5 {[%emt 0:00:36]} Ne7 {[%emt 0:01:43]} 38. Rc7 {[%emt 0:00:01]} Rxc7 {[%emt 0:00:40]} 39. bxc7 Bc6 {[%emt 0:00:43]} 40. Rb8 {[%emt 0:00:00]} Nc8 {[%emt 0:00:00]} 41. Bf3 {[%emt 0:25:38]} Bd7 42. Rb2 {[%emt 0:02:23]} Rc6 {[%emt 0:03:51]} 43. Rc2 {[%emt 0:00:27]} Rb6 44. Rc1 Rb3 {[%emt 0:11:38]} 45. Bc5 {[%emt 0:03:48]} Rb2 46. Qe1 Rb3 {[%emt 0:02:07]} 47. Qd2 {[%emt 0:02:45]} Qa6 {[%emt 0:01:14]} 48. Be2 {[%emt 0:00:30]} Qb5 {[%emt 0:00:41]} 49. Qd1 {[%emt 0:00:31]} a3 50. Bg4 Rxd3 {[%emt 0:05:12]} 51. Qe2 {[%emt 0:00:36]} Bxg4 {[%emt 0:06:37]} 52. Qxg4 {[%emt 0:00:14]} Qe8 {[%emt 0:00:05]} 53. Kg2 {[%emt 0:01:07]} Rc3 {[%emt 0:01:21]} 54. Rh1 {[%emt 0:00:30]} Rxc5 {[%emt 0:02:31]} 55. Qf5 {[%emt 0:00:29]} Qg8 {[%emt 0:00:06]} 56. Qd7+ {[%emt 0:00:30]} Kg6 {[%emt 0:00:05]} 57. Qf5+ {[%emt 0:00:33]} Kg7 {[%emt 0:00:04]} 58. Qd7+ {[%emt 0:00:22]} Kg6 {[%emt 0:00:04]} 59. Qf5+ {[%emt 0:00:39]} 1/2-1/2